Futurity na akciový index

Gespeichert in:
Bibliographische Detailangaben
1. Verfasser: Gogola, Ján, 1977-
Format: Buchkapitel
Sprache:Slowakisch
Tags: Tag hinzufügen
Keine Tags, Fügen Sie das erste Tag hinzu!

MARC

LEADER 00000naa$a2200000$$$4500
001 0097560
005 20240502072058.7
041 0 |a slo 
044 |a SK 
245 1 0 |a Futurity na akciový index  |c Ján Gogola 
500 |a Abstrakty 
100 1 |a Gogola, Ján, 1977-